[Event "Barcelona Sant Marti op-B 23rd"]
[Site "Barcelona"]
[Date "2023.07.16"]
[Round "4"]
[White "Archs Garriga, Ignasi"]
[Black "Martinez Perez, Francisco1111"]
[Result "0-1"]
[WhiteElo "1467"]
[BlackElo "1252"]
[PlyCount "112"]
[EventDate "2023.07.13"]
[EventType "swiss"]
[EventRounds "9"]
[EventCountry "ESP"]
[SourceTitle "CBM 215 Extra"]
[Source "ChessBase"]
[SourceDate "2023.09.30"]
[SourceVersion "1"]
[SourceVersionDate "2023.09.30"]
[SourceQuality "1"]

1. c4 e5 2. Nc3 f5 3. g3 Nf6 4. Bg2 Nc6 5. a3 Be7 6. e3 0-0 7. Nge2 d6 8. d3 Bd7 9. Qb3 Kh8 10. Bd2 Na5 11. Qc2 Rb8 12. Nd5 Nxd5 13. Bxd5 c6 14. Bg2 c5 15. b4 Nc6 16. Nc3 Bf6 17. bxc5 dxc5 18. Rb1 b6 19. Nd5 Ne7 20. Nxf6 Rxf6 21. Bc3 Qc7 22. Qb2 Ng6 23. f4 Re8 24. 0-0 Rf7 25. Bd5 Rfe7 26. Rbe1 Be6 27. Bxe6 Rxe6 28. fxe5 Nxe5 29. Qc2 Qc6 30. Bxe5 Rxe5 31. Qf2 Kg8 32. e4 Qd7 33. exf5 Rxe1 34. Rxe1 Rxe1+ 35. Qxe1 Qxf5 36. Qe8+ Qf8 37. Qxf8+ Kxf8 38. Kf2 Ke7 39. Ke3 Ke6 40. Ke4 a6 41. h3 g6 42. g4 b5 43. cxb5 axb5 44. g5 b4 45. axb4 cxb4 46. d4 b3 47. d5+ Kd6 48. Kd3 b2 49. Kc2 b1Q+ 50. Kxb1 Kxd5 51. Kc2 Ke4 52. Kd2 Kf3 53. Kd3 Kg3 54. Ke3 Kxh3 55. Kf3 Kh4 56. Kf4 Kh5 0-1

[Event "Martorell op 37th C"]
[Site "Martorell"]
[Date "2019.11.16"]
[Round "9.1"]
[White "Torres Palau, Jordi"]
[Black "Archs Garriga, Ignasi"]
[Result "1-0"]
[WhiteElo "1815"]
[BlackElo "1789"]
[PlyCount "87"]
[EventDate "2019.09.14"]
[EventType "swiss"]
[EventRounds "9"]
[EventCountry "ESP"]
[SourceTitle "EXT 2024"]
[Source "ChessBase"]
[SourceDate "2023.10.10"]
[SourceVersion "1"]
[SourceVersionDate "2023.10.10"]
[SourceQuality "1"]

1. e4 Nf6 2. e5 Nd5 3. Bc4 Nb6 4. Bb3 e6 5. d4 d6 6. Nf3 Nc6 7. 0-0 Be7 8. c4 0-0 9. exd6 cxd6 10. Nc3 Na5 11. Bf4 Naxc4 12. Qd3 d5 13. Bc2 g6 14. b3 Nd6 15. Ne5 Bf6 16. Rfe1 Nf5 17. g4 Ne7 18. g5 Bg7 19. Qg3 Nc6 20. Rad1 Nd7 21. h4 f6 22. gxf6 Bxf6 23. Nxg6 Bg7 24. Nxf8 Qxf8 25. Rxe6 Nf6 26. Rxf6 Qxf6 27. Nxd5 Qd8 28. Bh6 Qf8 29. Nc7 Rb8 30. Ne8 Bg4 31. Bxg7 Qxe8 32. Bh6 Qe2 33. d5 Ne5 34. Rc1 Rd8 35. Bd1 Nf3+ 36. Kg2 Ne1+ 37. Kh1 Qf1+ 38. Kh2 Rxd5 39. Qxg4+ Kf7 40. Qg7+ Ke6 41. Bg4+ Rf5 42. Bxf5+ Kxf5 43. Rc5+ Ke4 44. Qg4+ 1-0

[Event "Martorell op 37th C"]
[Site "Martorell"]
[Date "2019.10.19"]
[Round "6.1"]
[White "Archs Garriga, Ignasi"]
[Black "Serralvo Martinez, Joan Antoni"]
[Result "0-1"]
[WhiteElo "1789"]
[BlackElo "1756"]
[PlyCount "104"]
[EventDate "2019.09.14"]
[EventType "swiss"]
[EventRounds "9"]
[EventCountry "ESP"]
[SourceTitle "EXT 2024"]
[Source "ChessBase"]
[SourceDate "2023.10.10"]
[SourceVersion "1"]
[SourceVersionDate "2023.10.10"]
[SourceQuality "1"]

1. c4 e5 2. Nc3 Nf6 3. Nf3 Nc6 4. d3 d6 5. d4 exd4 6. Nxd4 Bd7 7. Bg5 Be7 8. e4 h6 9. Bh4 Nxd4 10. Qxd4 Be6 11. Be2 0-0 12. 0-0 a6 13. Rad1 Re8 14. Bg3 Qd7 15. e5 dxe5 16. Qxe5 Bd6 17. Qd4 Bxg3 18. Qxd7 Bxh2+ 19. Kxh2 Bxd7 20. Nd5 Nxd5 21. Rxd5 Bc6 22. Rd2 Rad8 23. Rfd1 Rxd2 24. Rxd2 Re6 25. Rd8+ Re8 26. Rd2 Kf8 27. Bg4 Re4 28. Be2 Ke7 29. Kg3 Kf6 30. b4 Re5 31. f3 Re3 32. a4 Bxa4 33. b5 axb5 34. cxb5 c6 35. bxc6 Bxc6 36. Kf4 Re7 37. Rd6+ Re6 38. Rd2 h5 39. Bc4 g5+ 40. Kg3 Re5 41. Rd6+ Ke7 42. Rd4 f5 43. Kf2 Ra5 44. Rd2 Ra1 45. Re2+ Kd6 46. g4 hxg4 47. fxg4 f4 48. Re6+ Kc5 49. Be2 Ra2 50. Re5+ Kd4 51. Rxg5 Be4 52. Rb5 Rxe2+ 0-1

[Event "Martorell op 37th C"]
[Site "Martorell"]
[Date "2019.10.12"]
[Round "5.1"]
[White "Gardner, Richard"]
[Black "Archs Garriga, Ignasi"]
[Result "0-1"]
[WhiteElo "1768"]
[BlackElo "1789"]
[PlyCount "136"]
[EventDate "2019.09.14"]
[EventType "swiss"]
[EventRounds "9"]
[EventCountry "ESP"]
[SourceTitle "EXT 2024"]
[Source "ChessBase"]
[SourceDate "2023.10.10"]
[SourceVersion "1"]
[SourceVersionDate "2023.10.10"]
[SourceQuality "1"]

1. e4 Nf6 2. e5 Nd5 3. d4 d6 4. Nf3 Bg4 5. Be2 g6 6. h3 Bxf3 7. Bxf3 c6 8. Bxd5 cxd5 9. f4 e6 10. 0-0 Nc6 11. c3 h5 12. Nd2 Qb6 13. Nf3 Rd8 14. Qb3 Qc7 15. Be3 Bh6 16. Rae1 a6 17. exd6 Rxd6 18. Ne5 Na5 19. Qc2 Nc4 20. Bc1 Rb6 21. Qf2 Nd6 22. Qe2 Ne4 23. Qd3 Nd6 24. Re2 Nf5 25. Rfe1 Bg7 26. Nxg6 Nxd4 27. Nxh8 Nxe2+ 28. Rxe2 Bxh8 29. Qh7 Bd4+ 30. Kf1 Qc4 31. Qg8+ Ke7 32. Qg5+ Bf6 33. Qxh5 Qxa2 34. Qf3 Rc6 35. Qe3 Qb1 36. Kf2 Qf5 37. g4 Qg6 38. f5 Bh4+ 39. Kg2 Qf6 40. Qe5 Rc8 41. Qxf6+ Bxf6 42. g5 Rg8 43. h4 Kd7 44. fxe6+ fxe6 45. Kf3 Bh8 46. Bf4 Rf8 47. Kg4 Rf5 48. h5 Ke7 49. h6 Kf7 50. Bd6 Rf1 51. g6+ Kxg6 52. Rxe6+ Rf6 53. Rxf6+ Bxf6 54. Kf4 b5 55. Be5 Bg5+ 56. Kf3 Bxh6 57. Ke2 Kf5 58. Bd4 Ke4 59. Kd1 Kd3 60. Bc5 Be3 61. Bxe3 Kxe3 62. Kc2 a5 63. Kb3 Kd3 64. Ka3 Kc4 65. Ka2 b4 66. cxb4 axb4 67. Kb1 Kb3 68. Kc1 d4 0-1

[Event "Barcelona Vila de Gracia Seniors 55+ op"]
[Site "Barcelona"]
[Date "2018.05.14"]
[Round "9"]
[White "Daguro Dasalla, Armando"]
[Black "Archs Garriga, Ignasi"]
[Result "1/2-1/2"]
[WhiteElo "1944"]
[BlackElo "1528"]
[PlyCount "75"]
[EventDate "2018.03.05"]
[EventType "swiss"]
[EventRounds "9"]
[EventCountry "ESP"]
[SourceTitle "EXT 2019"]
[Source "ChessBase"]
[SourceDate "2018.10.10"]
[SourceVersion "1"]
[SourceVersionDate "2018.10.10"]
[SourceQuality "1"]

1. Nf3 Nf6 2. c4 c5 3. g3 g6 4. Bg2 Bg7 5. 0-0 0-0 6. d3 Nc6 7. h3 d5 8. Na3 a6 9. Rb1 Nb4 10. Qb3 a5 11. Nb5 a4 12. Qa3 dxc4 13. Bf4 Nfd5 14. dxc4 Nxf4 15. gxf4 Bf5 16. Rbd1 Qc8 17. Ng5 h6 18. Ne4 b6 19. Rd2 Qb8 20. e3 Qc8 21. Kh2 Be6 22. Rc1 Rd8 23. Rxd8+ Qxd8 24. Nec3 Qd2 25. Bxa8 Qxc1 26. Qxa4 Qxb2 27. a3 Qxf2+ 28. Bg2 Bxc3 29. Nxc3 Nd3 30. Qe8+ Kg7 31. Ne4 Qxe3 32. Qxe7 Qxf4+ 33. Kg1 Ne1 34. Nd6 g5 35. Be4 Qe3+ 36. Kh1 Qxh3+ 37. Kg1 Qe3+ 38. Kh1 1/2-1/2